LEADER 01085nam a2200229 a 4500 001 000000141055 003 CaOOAMICUS 005 20141219115332.0 008 141219s1957 it u000 u ita r 040 $aPUL$bita 100 1 $aManselli, Raoul,$d1917-1984.$0(OLS)http://pul/name/150 245 10$aAlberico, cardinale vescovo d'Ostia e la sua attivitą di legato pontificio /$cRaoul Manselli. 260 $aRoma :$ba cura della Societą romana di Storia patria,$c1957. 300 $a24-68 p. ;$c24 cm 500 $aEstr. dall'Archivio della Societą romana di Storia patria, A. LXXVIII (1955), Terza Serie: vol. IX, Fasc. I-IV. 850 $aPUL 852 $aPUL$W1$xDP1 Fondo Capitani$y116$m3 B 8 int.15$j162814$qFondi$B162492$CPULBib$Z2$F162492 $HCap1853 $82 941 1 $a1 961 $aDedica autografa dell'A. 996 $6245$aAlberico, cardinale vescovo d'Ostia e la sua attivitą di legato pontificio$9(OLS)http://pul/title/178513 996 $6260$aRoma :$ba cura della Societą romana di Storia patria$9(OLS)http://pul/publisher/83054 LEADER 01413nam a2200325 a 4500 001 000000163142 003 CaOOAMICUS 005 20171005090247.0 008 171005s2005 it af u000 u ita r 020 $a88-02-07088-1* 032 $aLibriCat 040 $aPUL$bita 082 04$a200.3 245 00$aMitologia assiro-babilonese /$ca cura di Giovanni Pettinato. 260 $aTorino :$bUnione tipografico-editrice torinese,$c©2005. 300 $a595 p., [8] c. di tav. :$bill. ;$c23 cm. 490 1 $aClassici delle religioni.$aSezione prima, Religioni orientali 500 $aContiene indici. 504 $aBibliografia: p. [81]-97. 650 4$aMitologia assiro-babilonese.$0(OLS)http://pul/subject/18619 700 1 $aPettinato, Giovanni.$0(OLS)http://pul/name/4553 830 0$aClassici delle religioni (UTET).$nSezione prima,$pReligioni orientali.$0(OLS)http://pul/title/2877 850 $aPUL 852 $aPUL$W1$xSL Religione 3$y85$m200. 3 COLL 3.61$j187194$qDDC 21$B190362$CPULBib$Z2$F190362 $H130096 $81 941 1 $a9 996 $6020$a88-02-07088-1*$9(OLS)http://pul/number/163164 996 $6082$a200.3$9(OLS)http://pul/classification/1704 996 $6245$aMitologia assiro-babilonese$9(OLS)http://pul/title/202879 996 $6260$aTorino :$bUnione tipografico-editrice torinese$9(OLS)http://pul/publisher/48298